[Event "Noisiel 5th op"]
[Site "Noisiel"]
[Date "2020.02.17"]
[Round "4"]
[White "Peric, Slavisa"]
[Black "Roebers, Jan"]
[Result "1-0"]
[WhiteElo "2081"]
[BlackElo "2188"]
[PlyCount "109"]
[EventDate "2020.02.15"]
[EventType "swiss"]
[EventRounds "9"]
[EventCountry "FRA"]

{[%evp 0,32,14,14,16,16,56,36,36,36,36,27,30,1,26,4,23,1,38,34,34,44,44,27,82,
90,93,72,85,73,70,52,45,40,57]} 1. d4 Nf6 2. Nf3 g6 3. c4 Bg7 4. Nc3 O-O 5. Bg5
d6 6. Qd2 Nbd7 7. Rd1 c5 8. d5 b5 9. cxb5 a6 10. e4 Qa5 11. a4 axb5 12. Bxb5
Ba6 13. O-O Bxb5 14. axb5 Rfe8 15. Rfe1 Ng4 16. Qe2 h6 17. Bc1 Qb4 18. Nd2 Nge5
19. f4 Qd4+ 20. Kf1 Nd3 21. Nf3 Nxc1 22. Nxd4 Nxe2 23. Ndxe2 Nb6 24. Ra1 Nc4
25. Ra6 Nxb2 26. Rea1 Rab8 27. g3 Nd3 28. R1a4 Nb4 29. Ra7 Nc2 30. R4a6 Nb4 31.
Ra4 h5 32. Rd7 Nc2 33. Raa7 Nd4 34. Rdb7 Nxe2 35. Nxe2 c4 36. b6 Bb2 37. Rxb8
Rxb8 38. b7 Kg7 39. Ke1 e6 40. Kd1 exd5 41. exd5 h4 42. g4 g5 43. fxg5 Be5 44.
h3 Kg6 45. Kd2 Kxg5 46. Ke3 f5 47. gxf5 Kxf5 48. Nd4+ Bxd4+ 49. Kxd4 Kf4 50.
Kxc4 Ke4 51. Kb5 Kxd5 52. Kb6 Ke4 53. Ra8 Rxb7+ 54. Kxb7 d5 55. Rh8 1-0

[Event "Noisiel 5th op"]
[Site "Noisiel"]
[Date "2020.02.17"]
[Round "4"]
[White "Godebert, Florian"]
[Black "Jeet, Jain"]
[Result "0-1"]
[WhiteElo "2002"]
[BlackElo "2223"]
[PlyCount "82"]
[EventDate "2020.02.15"]
[EventType "swiss"]
[EventRounds "9"]
[EventCountry "FRA"]

{[%evp 0,22,14,14,14,17,17,17,17,9,47,26,23,23,8,10,9,-11,13,13,21,-6,-12,-19,
-9]} 1. d4 d5 2. Bf4 Nf6 3. e3 e6 4. Nd2 c5 5. c3 Nc6 6. Ngf3 Bd6 7. Bg3 O-O 8.
Bd3 b6 9. e4 Be7 10. e5 Nh5 11. h4 Nxg3 12. fxg3 f5 13. Qe2 h5 14. a3 a5 15.
O-O-O c4 16. Bc2 b5 17. Ng5 g6 18. g4 hxg4 19. Nde4 dxe4 20. Nxe4 Bd7 21. Nc5
Bxc5 22. dxc5 Qe7 23. h5 g5 24. h6 Nd8 25. Rd6 Bc6 26. Qd2 Bd5 27. Rh5 Nf7 28.
Bxf5 Nxd6 29. Rxg5+ Kh8 30. exd6 Qf6 31. Bxg4 Rg8 32. Rg7 Rxg7 33. hxg7+ Kxg7
34. Bf3 Bxf3 35. gxf3 Kf7 36. c6 Rh8 37. Qd1 Qf4+ 38. Kb1 Qf5+ 39. Ka2 Qd5 40.
Qxd5 exd5 41. c7 Ke6 0-1

[Event "Noisiel 5th op"]
[Site "Noisiel"]
[Date "2020.02.17"]
[Round "4"]
[White "Gherghinoiu, Lucas"]
[Black "Macon, Arthur"]
[Result "0-1"]
[WhiteElo "2120"]
[BlackElo "2343"]
[PlyCount "96"]
[EventDate "2020.02.15"]
[EventType "swiss"]
[EventRounds "9"]
[EventCountry "FRA"]

{[%evp 0,44,14,31,63,63,69,53,56,39,37,25,30,-3,41,26,57,28,34,-1,4,11,16,-25,
-22,-38,-18,-57,-87,-81,-46,-68,11,-5,18,9,14,-13,13,32,24,14,19,-6,-1,-3,5]} 
1. e4 c6 2. d4 d5 3. exd5 cxd5 4. Bd3 Nc6 5. c3 Qc7 6. h3 g6 7. Nf3 Bf5 8. Bxf5
gxf5 9. O-O Nf6 10. Re1 e6 11. Nbd2 O-O-O 12. b4 Ne4 13. Bb2 Rg8 14. Qe2 Bh6
15. a4 Nxd2 16. Nxd2 Rg7 17. Kh1 Rdg8 18. Rg1 Qf4 19. Nf3 Qd6 20. Ba3 Qc7 21.
c4 dxc4 22. Qxc4 Ne7 23. Qb3 Kb8 24. d5 Nxd5 25. Bb2 f6 26. Nd4 Qd7 27. Rad1
Rd8 28. Rge1 e5 29. Nxf5 Qxf5 30. Rxd5 Rc8 31. Rf1 Qe4 32. Qf3 Qxf3 33. gxf3
Rc2 34. Ba1 Rc4 35. Rxe5 fxe5 36. Bxe5+ Kc8 37. Bxg7 Bxg7 38. Rg1 Bd4 39. Rg4
Rxb4 40. Rh4 Rxa4 41. Rxh7 Bxf2 42. Kg2 Bh4 43. Kf1 a5 44. Ke2 Bd8 45. Ke3 Rh4
46. Rf7 Rxh3 47. Kd2 Rh6 48. Kc2 Rf6 0-1

[Event "Noisiel 5th op"]
[Site "Noisiel"]
[Date "2020.02.17"]
[Round "4"]
[White "Le Pen, Steven"]
[Black "Koulitchenko, Alexandre"]
[Result "0-1"]
[WhiteElo "2047"]
[BlackElo "2181"]
[PlyCount "74"]
[EventDate "2020.02.15"]
[EventType "swiss"]
[EventRounds "9"]
[EventCountry "FRA"]

{[%evp 0,61,14,36,66,49,35,25,25,20,51,50,44,45,53,-13,-19,-14,14,18,18,17,33,
17,17,11,28,46,66,4,18,17,33,33,50,-20,8,4,0,0,3,-1,56,-33,-35,-10,-24,6,0,-16,
-39,-29,-53,-45,-45,-42,-42,-40,-40,-142,-155,-216,-208,-285]} 1. e4 c5 2. Nf3
Nc6 3. d4 cxd4 4. Nxd4 Nf6 5. Nc3 e5 6. Ndb5 d6 7. Bg5 a6 8. Na3 b5 9. Bxf6
gxf6 10. Nd5 f5 11. Bd3 Be6 12. c3 Bxd5 13. exd5 Ne7 14. O-O Bg7 15. Nc2 e4 16.
Be2 Ng6 17. f4 O-O 18. Kh1 Qb6 19. Qd2 Rfc8 20. Ne3 b4 21. c4 Ne7 22. Rfd1 b3
23. axb3 Qxb3 24. Rdb1 a5 25. Ra3 Qb4 26. Qxb4 axb4 27. Rb3 Bd4 28. Nc2 Bc5 29.
Nxb4 Rcb8 30. Rg3+ Ng6 31. Nc2 Ra2 32. h4 Rbxb2 33. Rxb2 Rxb2 34. Bd1 Rb1 35.
h5 Rxd1+ 36. Kh2 Bg1+ 37. Kh3 Bf2 0-1

[Event "Noisiel 5th op"]
[Site "Noisiel"]
[Date "2020.02.17"]
[Round "4"]
[White "Nair, Sanjeev"]
[Black "Vinodh, Kumar B"]
[Result "1/2-1/2"]
[WhiteElo "2172"]
[BlackElo "2034"]
[PlyCount "76"]
[EventDate "2020.02.15"]
[EventType "swiss"]
[EventRounds "9"]
[EventCountry "FRA"]

{[%evp 0,59,14,36,46,45,49,4,30,30,27,27,27,14,14,25,25,29,14,38,34,32,32,33,
15,15,17,-16,16,13,16,-3,9,2,-35,-40,-30,-11,-7,-26,-2,-26,11,-27,-25,-117,
-140,-152,-146,-116,-148,-144,-133,-108,-108,-108,-112,-134,-188,-174,-124,
-133]} 1. e4 e6 2. d4 d5 3. Nd2 Nf6 4. e5 Nfd7 5. Bd3 c5 6. c3 Nc6 7. Ne2 cxd4
8. cxd4 f6 9. exf6 Nxf6 10. Nf3 Bd6 11. O-O O-O 12. Bg5 Qc7 13. Bh4 g6 14. Bg3
Nh5 15. Rc1 a6 16. a3 Nxg3 17. hxg3 Qg7 18. Qd2 Bd7 19. Bb1 Rae8 20. Rfe1 Kh8
21. Nf4 Qf6 22. Ne5 Nxe5 23. dxe5 Bxe5 24. Rxe5 Qxe5 25. Bxg6 Rc8 26. Re1 Qf6
27. Bb1 Rc4 28. Nd3 Rd4 29. Qc2 Rxd3 30. Qxd3 Qxf2+ 31. Kh2 Rf5 32. Re5 Qxb2
33. Rxf5 exf5 34. Qxd5 Qxb1 35. Qe5+ Kg8 36. Qd5+ Kf8 37. Qxd7 Kg8 38. Qe8+ Kg7
1/2-1/2

[Event "Noisiel 5th op"]
[Site "Noisiel"]
[Date "2020.02.17"]
[Round "4"]
[White "Labrande, Theodore"]
[Black "Schmit, Vincent"]
[Result "1-0"]
[WhiteElo "2021"]
[BlackElo "2171"]
[PlyCount "57"]
[EventDate "2020.02.15"]
[EventType "swiss"]
[EventRounds "9"]
[EventCountry "FRA"]

{[%evp 0,15,14,36,19,33,19,8,11,11,34,-26,-26,-30,-10,-14,4,-39]} 1. e4 e5 2.
Nf3 Nc6 3. Bc4 Nf6 4. d3 Be7 5. c3 O-O 6. O-O d6 7. Bb3 Kh8 8. Ng5 Qe8 9. f4
Ng8 10. f5 Bxg5 11. Bxg5 f6 12. Be3 Nce7 13. Nd2 d5 14. Qf3 dxe4 15. dxe4 b6
16. Qh3 Bb7 17. Rf3 Rd8 18. Qg4 Nc8 19. Rg3 Qe7 20. Nf3 Nd6 21. Nh4 Nh6 22. Rh3
Ndf7 23. Bxf7 Qxf7 24. Bxh6 gxh6 25. Ng6+ Kg8 26. Nxf8+ Kxf8 27. Rd1 Rxd1+ 28.
Qxd1 Ke8 29. Rd3 1-0

[Event "Noisiel 5th op"]
[Site "Noisiel"]
[Date "2020.02.17"]
[Round "4"]
[White "Boulos, Carlos"]
[Black "Bellaiche, Elise"]
[Result "1-0"]
[WhiteElo "2137"]
[BlackElo "2033"]
[PlyCount "51"]
[EventDate "2020.02.15"]
[EventType "swiss"]
[EventRounds "9"]
[EventCountry "FRA"]

{[%evp 0,24,14,36,19,19,19,18,26,10,27,27,20,10,-2,-20,9,-9,-3,-19,22,-27,-25,
32,26,28,10]} 1. e4 e5 2. Nf3 Nc6 3. Nc3 Nf6 4. Bb5 Bd6 5. d3 O-O 6. h3 Nd4 7.
Nxd4 exd4 8. Ne2 c6 9. Ba4 Bc5 10. O-O d5 11. e5 Nd7 12. c3 dxc3 13. bxc3 Be7
14. d4 b5 15. Bc2 b4 16. Qd3 g6 17. f4 bxc3 18. f5 Nb6 19. f6 Bb4 20. Qe3 Re8
21. Qg5 Nd7 22. Nf4 Qb6 23. Nxg6 hxg6 24. Bxg6 Qxd4+ 25. Kh1 Qxe5 26. Bh7+ 1-0

[Event "Noisiel 5th op"]
[Site "Noisiel"]
[Date "2020.02.17"]
[Round "4"]
[White "Ahmed Holi Ali, Moawia"]
[Black "Houhou, Alexandre"]
[Result "1/2-1/2"]
[WhiteElo "2121"]
[BlackElo "2014"]
[PlyCount "119"]
[EventDate "2020.02.15"]
[EventType "swiss"]
[EventRounds "9"]
[EventCountry "FRA"]

{[%evp 0,80,14,14,14,2,-9,-18,-2,-13,-11,-20,4,4,-5,-13,-15,-15,-7,-11,-20,-45,
-41,-41,-44,-58,25,-8,-11,5,14,-57,-19,-59,-45,-31,-35,-131,-126,-127,-56,-44,
-39,-38,0,-10,60,60,38,21,15,-56,-72,-73,-72,-61,-92,-107,-110,-94,-126,-115,
-136,-93,-116,-107,-136,-118,-55,-44,-47,-65,-74,-145,-99,-99,-85,-85,-128,
-219,-61,-261,-129]} 1. Nf3 d5 2. b3 Nf6 3. Bb2 Bf5 4. e3 e6 5. Be2 h6 6. d3
Bd6 7. Nbd2 O-O 8. h3 Nbd7 9. g4 Bg6 10. g5 hxg5 11. Nxg5 e5 12. Rg1 c5 13. Bf3
Re8 14. e4 d4 15. Nf1 Qa5+ 16. Qd2 Qxd2+ 17. Kxd2 b5 18. Ng3 c4 19. Ke2 cxd3+
20. cxd3 Rac8 21. Rac1 Bb4 22. h4 Nc5 23. h5 Bh7 24. Nxh7 Kxh7 25. Nf5 Ne6 26.
a3 Nf4+ 27. Kd1 Bf8 28. Be2 N6xh5 29. Bxh5 Nxh5 30. Rh1 Kg6 31. Kd2 Nf4 32.
Rcg1+ Kf6 33. Rg4 Ne6 34. f4 g6 35. fxe5+ Kxe5 36. Ne3 Bxa3 37. Bxa3 dxe3+ 38.
Kxe3 Rc2 39. Rh7 f5 40. exf5 gxf5 41. d4+ Kd5 42. Rd7+ Kc6 43. Rd6+ Kc7 44. Rg6
Rc6 45. Rxc6+ Kxc6 46. Rf6 f4+ 47. Ke4 Kb7 48. Kd3 Kc6 49. Bc5 a5 50. Ke4 Kb7
51. Rf7+ Kc8 52. Kd5 Nc7+ 53. Kc6 Re6+ 54. Bd6 Ne8 55. Rxf4 Rxd6+ 56. Kxb5 Rd5+
57. Kc6 Rd6+ 58. Kb5 Rd5+ 59. Kc6 Rd6+ 60. Kb5 1/2-1/2

[Event "Noisiel 5th op"]
[Site "Noisiel"]
[Date "2020.02.17"]
[Round "4"]
[White "Delmas Goyon, Francois"]
[Black "Galan, Francois"]
[Result "1-0"]
[WhiteElo "1902"]
[BlackElo "2025"]
[PlyCount "125"]
[EventDate "2020.02.15"]
[EventType "swiss"]
[EventRounds "9"]
[EventCountry "FRA"]

{[%evp 0,29,14,18,18,19,11,10,52,67,56,49,55,45,58,37,40,40,47,24,54,30,34,34,
45,7,22,-5,-4,-30,-15,-29]} 1. e4 e5 2. Nf3 Nc6 3. Bb5 f5 4. d3 fxe4 5. dxe4
Nf6 6. O-O Bc5 7. Qd3 d6 8. Nc3 Bd7 9. Bg5 O-O 10. Bc4+ Kh8 11. Nd5 Nb4 12.
Nxb4 Bxb4 13. a3 Bc5 14. Bh4 h6 15. Rad1 Qe8 16. Kh1 Bg4 17. Qe2 Nh5 18. Bg3
Bxf3 19. gxf3 Nf4 20. Bxf4 Rxf4 21. Rd3 Qh5 22. Be6 Raf8 23. Bg4 Qf7 24. Rg1 g6
25. Rg3 h5 26. Bh3 Kh7 27. b4 Bb6 28. a4 a5 29. bxa5 Bxa5 30. Rb3 Bb6 31. Kg2
Ra8 32. Rb4 Ra5 33. Bc8 Rc5 34. c4 Ba5 35. Rb5 b6 36. Rxc5 dxc5 37. Qd3 Qe7 38.
Qd7 Qxd7 39. Bxd7 Kh6 40. Kf1 Rf6 41. Be8 Rd6 42. Rg2 h4 43. Bf7 g5 44. Ke2
Rd2+ 45. Ke3 Rd1 46. h3 Ra1 47. Be8 Bd2+ 48. Ke2 Bf4 49. Bc6 Kg7 50. Kd3 Kf6
51. Kc3 Ke7 52. Kb3 Kd6 53. Be8 Rh1 54. Bh5 c6 55. Bg4 Kc7 56. Be6 Rd1 57. Bg4
b5 58. axb5 cxb5 59. cxb5 Kb6 60. Be6 Kxb5 61. Bc4+ Ka5 62. Kc3 Ka4 63. Bb3+
1-0

[Event "Noisiel 5th op"]
[Site "Noisiel"]
[Date "2020.02.17"]
[Round "4"]
[White "Helfer, Remi"]
[Black "Triger, Franck"]
[Result "1/2-1/2"]
[WhiteElo "2017"]
[BlackElo "1961"]
[PlyCount "28"]
[EventDate "2020.02.15"]
[EventType "swiss"]
[EventRounds "9"]
[EventCountry "FRA"]

{[%evp 0,28,14,15,11,11,11,-36,-9,-16,-16,-45,-21,-19,-21,-35,3,-47,-48,-40,
-44,-45,-44,-77,-63,-46,-33,-58,-34,-23,-36]} 1. e4 e5 2. Nc3 Nf6 3. f4 d5 4.
fxe5 Nxe4 5. d3 Nxc3 6. bxc3 Nc6 7. Nf3 d4 8. Be2 Bc5 9. O-O dxc3+ 10. Kh1 O-O
11. Qe1 b6 12. Qxc3 Nd4 13. Bd1 Bb7 14. Bb2 Ne6 1/2-1/2

[Event "Noisiel 5th op"]
[Site "Noisiel"]
[Date "2020.02.17"]
[Round "4"]
[White "Dorval, Olivier"]
[Black "Azymah, Remy"]
[Result "0-1"]
[WhiteElo "1883"]
[BlackElo "1932"]
[PlyCount "32"]
[EventDate "2020.02.15"]
[EventType "swiss"]
[EventRounds "9"]
[EventCountry "FRA"]

{[%evp 0,32,14,14,17,17,47,47,45,41,40,31,36,30,28,29,19,26,38,-23,-12,-23,-23,
-50,23,14,17,-34,-53,-56,-61,-128,-145,-936,-956]} 1. d4 Nf6 2. Bf4 g6 3. Nc3
d5 4. e3 Bg7 5. h4 h5 6. Nf3 O-O 7. Ne5 c6 8. f3 Qb6 9. Qd2 Qxb2 10. Rb1 Qa3
11. Be2 b6 12. Kf2 Ba6 13. Rbg1 Bxe2 14. Nxe2 Nbd7 15. g4 hxg4 16. fxg4 Ne4+
0-1

[Event "Noisiel 5th op"]
[Site "Noisiel"]
[Date "2020.02.17"]
[Round "4"]
[White "Yuan, Beline"]
[Black "Olivier, Philippe"]
[Result "1-0"]
[WhiteElo "1923"]
[BlackElo "1919"]
[PlyCount "143"]
[EventDate "2020.02.15"]
[EventType "swiss"]
[EventRounds "9"]
[EventCountry "FRA"]

{[%evp 0,33,14,14,17,-4,38,42,36,36,36,23,25,24,27,6,55,53,47,31,33,21,33,47,
36,3,24,24,26,34,39,-22,41,56,62,43]} 1. d4 Nf6 2. c4 g6 3. Nc3 Bg7 4. e4 d6 5.
f4 c5 6. d5 O-O 7. Nf3 e6 8. Bd3 exd5 9. cxd5 a6 10. a4 Bg4 11. O-O Nbd7 12.
Kh1 Qc7 13. Be3 c4 14. Bc2 Rfe8 15. h3 Bxf3 16. Qxf3 Rac8 17. Rad1 Qb8 18. a5
Qc7 19. Ra1 Nc5 20. Bf2 Nfd7 21. Ra3 Nb3 22. Bxb3 cxb3 23. Rxb3 Qc4 24. Qd1 Nc5
25. Bxc5 Rxc5 26. f5 Bxc3 27. Rxc3 Qb5 28. fxg6 hxg6 29. Qf3 Rf8 30. Rxc5 Qxc5
31. Qf6 Qxa5 32. Qxd6 Qd8 33. Qb4 Qd7 34. d6 Rc8 35. e5 Rc2 36. Qg4 Qxg4 37.
hxg4 Rd2 38. Rc1 Kg7 39. Rc7 b5 40. g5 Rd5 41. Re7 Kf8 42. Kg1 a5 43. Kf1 a4
44. Rb7 Rxe5 45. Rb8+ Re8 46. Rxb5 Rd8 47. Rd5 Ke8 48. Ke2 Kd7 49. Kd3 Rb8 50.
Kc2 Rb3 51. Rd3 Rb5 52. Kc3 Rxg5 53. Rd2 Rb5 54. Kc4 Rb6 55. Kc5 Rc6+ 56. Kb5
Rxd6 57. Rxd6+ Kxd6 58. Kxa4 Kc5 59. b4+ Kb6 60. Kb3 Kb5 61. Kc3 f6 62. Kb3 f5
63. Kc3 Kc6 64. Kd4 Kd6 65. b5 g5 66. b6 f4 67. Ke4 Kc6 68. Kf5 Kxb6 69. Kxg5
f3 70. gxf3 Kc7 71. Kg6 Kd6 72. f4 1-0

[Event "Noisiel 5th op"]
[Site "Noisiel"]
[Date "2020.02.18"]
[Round "5"]
[White "Gatineau, Yovann"]
[Black "Moussard, Jules"]
[Result "1-0"]
[WhiteElo "2381"]
[BlackElo "2608"]
[PlyCount "135"]
[EventDate "2020.02.15"]
[EventType "swiss"]
[EventRounds "9"]
[EventCountry "FRA"]

{[%evp 0,113,14,14,93,24,58,25,59,48,60,30,84,30,36,18,33,22,4,18,18,18,34,39,
41,45,59,52,63,25,43,28,45,47,43,38,50,48,91,58,38,32,26,8,15,33,23,35,59,51,
15,15,15,35,20,1,67,38,266,261,282,296,269,270,283,305,398,379,376,379,393,341,
362,342,358,367,390,387,430,405,405,388,388,446,492,496,498,443,456,467,584,
578,685,504,800,820,821,752,883,943,982,831,859,927,921,952,1017,781,962,606,
683,802,706,706,824,902]} 1. Nf3 d6 2. c4 f5 3. Nc3 Nf6 4. g3 g6 5. Bg2 Bg7 6.
O-O e5 7. d4 e4 8. Ng5 O-O 9. f3 h6 10. Nh3 exf3 11. exf3 Be6 12. d5 Bf7 13.
Re1 Re8 14. Be3 c5 15. Qd2 Kh7 16. Nf4 Nbd7 17. Rad1 Ne5 18. b3 a6 19. Bf2 Qd7
20. a4 Re7 21. h4 Rae8 22. Re2 b6 23. Rde1 Kg8 24. Ne6 Bxe6 25. dxe6 Rxe6 26.
Nd5 Kh7 27. Nxb6 Qf7 28. Nd5 Nxd5 29. Qxd5 f4 30. gxf4 Qxf4 31. Re4 Qf8 32. f4
Rf6 33. Bg3 Rd8 34. fxe5 dxe5 35. Qb7 Rb8 36. Qd7 Rf7 37. Qd3 Rd8 38. Qe2 Rd4
39. h5 gxh5 40. Qxh5 Rf5 41. Qxf5+ Qxf5 42. Rxd4 Qg5 43. Be4+ Kg8 44. Rd3 h5
45. Kh1 Qg4 46. Bh2 Kf7 47. Bd5+ Ke8 48. Rg3 Qh4 49. Rf1 Bf6 50. Rg6 Be7 51.
Bc6+ Kd8 52. Rd1+ Kc7 53. a5 Bf6 54. Bd5 Bg5 55. Rg7+ Kb8 56. Rg8+ Kc7 57. Rg7+
Kb8 58. Rg1 Bd8 59. Rd7 Kc8 60. Rf7 Bg5 61. Rg3 Kd8 62. Rf5 Bf6 63. Kg2 e4 64.
Rg8+ Kd7 65. Rg6 Be7 66. Bc6+ Kc8 67. Rg8+ Bd8 68. Rd5 1-0

[Event "Noisiel 5th op"]
[Site "Noisiel"]
[Date "2020.02.18"]
[Round "5"]
[White "Nikolov, Momchil"]
[Black "Maiorov, Nikita"]
[Result "1/2-1/2"]
[WhiteElo "2539"]
[BlackElo "2506"]
[PlyCount "69"]
[EventDate "2020.02.15"]
[EventType "swiss"]
[EventRounds "9"]
[EventCountry "FRA"]

{[%evp 0,57,14,14,16,3,-3,-3,24,-17,2,-3,19,6,18,-13,-12,-8,-4,-17,-20,-3,-2,
-2,-2,-2,-1,1,1,9,30,24,22,25,26,26,24,26,31,-2,0,6,6,-31,45,61,15,15,48,12,12,
-42,-38,-37,-44,-36,-38,-71,-31,0]} 1. d4 Nf6 2. c4 e6 3. Nc3 Bb4 4. Qc2 O-O 5.
Nf3 d6 6. Bd2 b6 7. a3 Bxc3 8. Bxc3 Bb7 9. Nd2 c5 10. dxc5 bxc5 11. e3 a5 12.
Bd3 Nbd7 13. O-O a4 14. Rad1 Qb6 15. Ne4 Bxe4 16. Bxe4 Nxe4 17. Qxe4 Rfd8 18.
Rd2 Qc7 19. Rfd1 Nb6 20. Qg4 e5 21. f4 h5 22. Qxh5 Nxc4 23. Rd3 e4 24. Rd5 f6
25. Bxf6 gxf6 26. Qg6+ Qg7 27. Qxe4 Nxb2 28. R1d2 Rab8 29. Rxd6 Re8 30. Re6
Rxe6 31. Qxe6+ Qf7 32. Qg4+ Qg7 33. Qe6+ Qf7 34. Qg4+ Qg7 35. Qe6+ 1/2-1/2

[Event "Noisiel 5th op"]
[Site "Noisiel"]
[Date "2020.02.18"]
[Round "5"]
[White "Jonkman, Harmen"]
[Black "Enchev, Ivajlo"]
[Result "0-1"]
[WhiteElo "2385"]
[BlackElo "2496"]
[PlyCount "66"]
[EventDate "2020.02.15"]
[EventType "swiss"]
[EventRounds "9"]
[EventCountry "FRA"]

{[%evp 0,48,42,34,38,24,8,8,26,18,13,10,6,-7,2,-15,-7,7,10,2,-9,-21,-6,-11,-12,
-19,-20,-29,-30,-35,-23,-18,-7,-13,-13,-29,-52,-65,-47,-47,-13,-45,-6,-166,
-149,-200,-200,-170,-170,-178,-160]} 1. e4 e5 2. Nf3 Nc6 3. Bc4 Bc5 4. O-O Nf6
5. d3 O-O 6. h3 h6 7. Re1 d6 8. c3 a5 9. Nbd2 Be6 10. Bb5 Qb8 11. Re2 Qa7 12.
Nf1 a4 13. Ng3 Qa5 14. Bxc6 bxc6 15. d4 exd4 16. cxd4 Bb6 17. Rc2 Qb5 18. Nh4
Rfe8 19. Be3 Bc4 20. f3 Nd5 21. Bxh6 Nb4 22. Rxc4 Qxc4 23. Bxg7 Kxg7 24. Ngf5+
Kf8 25. Qd2 Re6 26. Rc1 Qb5 27. Rd1 Ke8 28. a3 Na6 29. Qg5 Kd7 30. Qg7 Rae8 31.
Qxf7+ Kc8 32. Ng6 Qb3 33. Nge7+ R6xe7 0-1

[Event "Noisiel 5th op"]
[Site "Noisiel"]
[Date "2020.02.18"]
[Round "5"]
[White "Solodovnichenko, Yuri"]
[Black "Shailesh, Dravid"]
[Result "1-0"]
[WhiteElo "2567"]
[BlackElo "2269"]
[PlyCount "95"]
[EventDate "2020.02.15"]
[EventType "swiss"]
[EventRounds "9"]
[EventCountry "FRA"]

{[%evp 0,32,14,28,41,50,45,37,50,57,46,46,46,45,72,38,41,37,37,16,19,25,31,28,
72,49,39,35,36,3,30,27,61,3,20]} 1. e4 c5 2. Nc3 Nc6 3. Nge2 d6 4. d4 cxd4 5.
Nxd4 Nf6 6. Bg5 e6 7. Qd2 a6 8. O-O-O Bd7 9. f3 Be7 10. Be3 h5 11. Kb1 Qc7 12.
Nxc6 Bxc6 13. Ne2 b5 14. Nd4 Bd7 15. Bd3 g6 16. f4 Ng4 17. Bg1 Rb8 18. h3 Nf6
19. Bh2 b4 20. Rhe1 h4 21. Nf3 Rh5 22. f5 e5 23. fxg6 fxg6 24. Qf2 g5 25. Bg1
a5 26. Qd2 g4 27. hxg4 Nxg4 28. Qe2 Be6 29. Rf1 Nf6 30. Bf2 h3 31. Rh1 hxg2 32.
Rxh5 Nxh5 33. Ng5 Bxg5 34. Qxh5+ Qf7 35. Qxg5 Qxf2 36. Qg7 Rb7 37. Qg6+ Kd7 38.
Bc4 Bxc4 39. Qxd6+ Ke8 40. Qc6+ Kf8 41. Qxc4 g1=Q 42. Qc8+ Kg7 43. Qxb7+ Kg6
44. Qd7 Qgh2 45. Qg4+ Kf7 46. Rd7+ Ke8 47. Qe6+ Kf8 48. Qe7+ 1-0

[Event "Noisiel 5th op"]
[Site "Noisiel"]
[Date "2020.02.18"]
[Round "5"]
[White "Dimitrov, Radoslav"]
[Black "Meillon, Judicael"]
[Result "1-0"]
[WhiteElo "2519"]
[BlackElo "2051"]
[PlyCount "51"]
[EventDate "2020.02.15"]
[EventType "swiss"]
[EventRounds "9"]
[EventCountry "FRA"]

{[%evp 0,51,17,13,63,63,70,62,54,43,44,52,60,74,66,-33,0,-28,23,23,60,64,71,49,
83,93,102,83,102,102,148,102,95,83,96,124,120,123,168,161,193,178,185,170,236,
241,319,251,390,358,590,730,698,664]} 1. e4 c6 2. d4 d5 3. e5 Bf5 4. h4 h6 5.
g4 Be4 6. f3 Bh7 7. e6 fxe6 8. Bd3 Bxd3 9. Qxd3 Na6 10. Ne2 Nf6 11. Nf4 Qd6 12.
Ng6 Rg8 13. Bf4 Qb4+ 14. Nd2 Nd7 15. O-O-O c5 16. c3 Qa4 17. a3 cxd4 18. cxd4
e5 19. Nxe5 Nxe5 20. Bxe5 e6 21. Kb1 g6 22. h5 Kf7 23. f4 Qd7 24. Rdf1 Rc8 25.
hxg6+ Ke8 26. f5 1-0

[Event "Noisiel 5th op"]
[Site "Noisiel"]
[Date "2020.02.18"]
[Round "5"]
[White "Moreby, James"]
[Black "Terrieux, Kevin"]
[Result "0-1"]
[WhiteElo "2235"]
[BlackElo "2453"]
[PlyCount "128"]
[EventDate "2020.02.15"]
[EventType "swiss"]
[EventRounds "9"]
[EventCountry "FRA"]

{[%evp 0,17,13,-17,-27,-30,-12,-22,76,43,65,46,47,47,43,45,24,20,35,38]} 1. c4
e5 2. Nc3 Nc6 3. e3 g6 4. d4 d6 5. Nf3 Bg7 6. d5 Nce7 7. e4 f5 8. exf5 gxf5 9.
Ng5 Nf6 10. f4 O-O 11. Be2 exf4 12. O-O Ng6 13. Nh3 Ne4 14. Qc2 Be5 15. Bh5 Qf6
16. Ne2 Bd7 17. Rb1 Qh4 18. Bxg6 hxg6 19. Nexf4 Qf6 20. Nd3 Bd4+ 21. Kh1 Kg7
22. Ndf2 Nxf2+ 23. Nxf2 f4 24. Ne4 Qe5 25. Bd2 Bf5 26. Rbe1 g5 27. Bc3 Bxc3 28.
Qxc3 Qxc3 29. Nxc3 Bd3 30. Re7+ Rf7 31. Rxf7+ Kxf7 32. Rc1 a6 33. Kg1 Re8 34.
b3 Kf6 35. Rd1 Re3 36. Na4 Ke5 37. Nb2 Be4 38. Rd2 g4 39. Kf2 Rc3 40. Nd1 g3+
41. hxg3 Rxg3 42. Kf1 b5 43. Nb2 b4 44. Nd1 Rd3 45. Rxd3 Bxd3+ 46. Ke1 a5 47.
Nf2 Bb1 48. Kd2 Kf6 49. Kc1 Bg6 50. Nh3 Kf5 51. Ng1 Kg4 52. Kd2 Bb1 53. Ne2
Bxa2 54. Nd4 Kg3 55. Ne2+ Kg4 56. Nd4 a4 57. bxa4 Bxc4 58. Ne6 Bxd5 59. Nxc7
Bxg2 60. Ne8 f3 61. Ke3 b3 62. Nf6+ Kf5 63. Ne4 f2 64. Nxd6+ Ke6 0-1

[Event "Noisiel 5th op"]
[Site "Noisiel"]
[Date "2020.02.18"]
[Round "5"]
[White "Rostgaard, Tobias Valentin"]
[Black "Popov, Konstantin"]
[Result "1-0"]
[WhiteElo "2364"]
[BlackElo "2391"]
[PlyCount "107"]
[EventDate "2020.02.15"]
[EventType "swiss"]
[EventRounds "9"]
[EventCountry "FRA"]

{[%evp 0,26,14,16,18,19,32,18,35,31,24,31,40,19,50,32,22,21,24,19,50,46,53,51,
69,76,69,52,46]} 1. d4 Nf6 2. Nf3 e6 3. Bf4 Be7 4. h3 O-O 5. e3 c5 6. c3 b6 7.
Bd3 Ba6 8. Bxa6 Nxa6 9. O-O Qc8 10. Nbd2 Qb7 11. Qe2 b5 12. a4 b4 13. Qb5 Qc8
14. cxb4 Nxb4 15. Rfc1 a6 16. Qe2 Nbd5 17. dxc5 Nxf4 18. exf4 Nd5 19. g3 Rb8
20. b3 Bf6 21. Ne5 a5 22. Rab1 Qc7 23. Ndf3 Rb4 24. Qd3 g5 25. c6 gxf4 26. cxd7
Qb7 27. g4 Rd8 28. Qc2 Nb6 29. g5 Be7 30. Qc6 Nxd7 31. Qxb7 Rxb7 32. Nc6 Re8
33. Nxa5 Rb6 34. Nc6 Ba3 35. Rc3 Bf8 36. b4 Nc5 37. b5 Nxa4 38. Rc4 Nc5 39.
Nfe5 Bd6 40. Rxc5 Bxc5 41. Nd7 Kg7 42. Nxc5 Rc8 43. Kg2 h6 44. h4 hxg5 45. hxg5
Ra8 46. Kf3 Ra2 47. Ne4 Rc2 48. Ne5 Ra2 49. Nf6 Ra8 50. Nc4 Rbb8 51. b6 Ra4 52.
Ne5 Rb7 53. Rh1 Kf8 54. Rh7 1-0

[Event "Noisiel 5th op"]
[Site "Noisiel"]
[Date "2020.02.18"]
[Round "5"]
[White "Bailet, Pierre"]
[Black "Sahil, Tickoo"]
[Result "1-0"]
[WhiteElo "2506"]
[BlackElo "2275"]
[PlyCount "83"]
[EventDate "2020.02.15"]
[EventType "swiss"]
[EventRounds "9"]
[EventCountry "FRA"]

{[%evp 0,53,14,14,16,0,0,1,6,14,28,-10,13,26,29,-9,-9,-29,-12,-14,-14,-7,-19,
-11,-11,-27,-36,-31,-31,-34,22,-4,7,-4,21,21,21,21,24,9,19,30,31,23,29,38,59,
60,70,96,133,65,35,42,33,41]} 1. Nf3 Nf6 2. c4 e6 3. Nc3 d5 4. e3 Bd6 5. b3 b6
6. Bb2 O-O 7. Qc2 c5 8. cxd5 exd5 9. Be2 Nc6 10. O-O Bb7 11. Nb5 Be7 12. d4 a6
13. Nc3 cxd4 14. exd4 Nb4 15. Qd1 Ne4 16. a3 Nxc3 17. Bxc3 Nc6 18. Bd3 Rc8 19.
Re1 Bf6 20. Qd2 Re8 21. Rxe8+ Qxe8 22. Re1 Qf8 23. Qf4 Ne7 24. Bb4 Qd8 25. g4
Nc6 26. Bd6 g6 27. g5 Bg7 28. b4 b5 29. h4 Qd7 30. h5 Re8 31. Rxe8+ Qxe8 32. h6
Bh8 33. Ne5 Nxe5 34. Bxe5 Bxe5 35. Qxe5 Qxe5 36. dxe5 Kf8 37. f4 Bc8 38. Kf2
Ke7 39. Ke3 Kd7 40. f5 Ke7 41. fxg6 fxg6 42. Bxg6 1-0